Odesszai művészek Szegeden
Elmentve itt :
| Dokumentumtípus: | Cikk |
|---|---|
| Megjelent: |
1969-11-05
|
| Sorozat: | Délmagyarország
59 No. 257 |
| Kulcsszavak: | Ruszin, A. V., Novák, V. A., Testvérvárosi kapcsolatok Szeged - Odessza |
| Online Access: | http://dmarchiv.bibl.u-szeged.hu/63143 |
| LEADER | 00458nab a2200145 i 4500 | ||
|---|---|---|---|
| 001 | delm63143 | ||
| 005 | 20180927151249.0 | ||
| 008 | 180927s1969 hu o 0|| hun d | ||
| 040 | |a SZTE Délmagyarország Archívum |b hun | ||
| 041 | |a hun | ||
| 245 | 0 | 0 | |a Odesszai művészek Szegeden |h [elektronikus dokumentum] |
| 260 | |c 1969-11-05 | ||
| 300 | |a 7 | ||
| 490 | 0 | |a Délmagyarország |v 59 No. 257 | |
| 695 | |a Ruszin, A. V., Novák, V. A., Testvérvárosi kapcsolatok Szeged - Odessza | ||